000 00326nam a2200157Ia 4500
003 OSt
008 191201s2001 xx 000 0 und d
082 _a005.133
_bMCU
100 _aMCGREGOR, Rob
245 0 _aUsing C++
250 _a2nd
260 _aN.Delhi
_bPHI
_c2001
300 _a889
650 _aMBA
942 _2ddc
_cBK
999 _c3166
_d3166